000 00538nmm a2200169Ia 4500
008 251105s9999||||xx |||||||||||||||||und||
020 _a9788498161588
041 _aspa
100 _aTorres Villarroel, Diego de
245 0 _aNoticia de las virtudes medicinales de la Fuente del Caño de la villa de Babilafuente
264 _a[Madrid, España] :
_bLinkgua,
_c2011
300 _a44 páginas
490 _aHistoria
650 _aBiology and natural sciences
856 _uhttps://public.digitaliapublishing.com/a/16700
942 _cCF
999 _c90912
_d90912